Loading...
| History - World | 5 | 6 | 2 | 0 | 125 | 31 | 77.55 | 1 | 9 | 33.64 | 53.33 |
| History - European | 3 | 3 | 0 | 1 | 75 | 20 | 78.67 | 1 | 3 | 26.07 | 38.57 |
| Geography | 1 | 4 | 1 | 2 | 50 | 76 | 112.20 | 2 | 4 | 13.26 | 46.43 |
| Current Events | 2 | 1 | 1 | 1 | 35 | 42 | 64.33 | 0 | 2 | 23.70 | 26.53 |
| History - Other | 1 | 2 | 0 | 1 | 35 | 74 | 102.00 | 0 | 1 | 14.92 | 19.05 |
| Other Academic | 2 | 1 | 1 | 0 | 35 | 78 | 81.67 | 1 | 2 | 13.05 | 24.29 |
| History - American | 0 | 3 | 0 | 1 | 30 | 79 | 89.67 | 0 | 3 | 13.61 | 26.79 |
| Religion | 0 | 3 | 0 | 3 | 30 | 139 | 142.33 | 0 | 1 | 0.34 | 7.14 |
| Literature - Long Fiction | 0 | 2 | 0 | 0 | 20 | 116 | 116.00 | 1 | 2 | 4.58 | 15.48 |
| Fine Arts - Other | 1 | 1 | 2 | 0 | 15 | 60 | 94.00 | 1 | 2 | 5.10 | 11.43 |
| Literature - Drama | 1 | 0 | 0 | 0 | 15 | 27 | 27.00 | 1 | 1 | 10.35 | 12.50 |
| Fine Arts - Painting and Sculpture | 1 | 0 | 0 | 0 | 15 | 66 | 66.00 | 0 | 1 | 5.51 | 7.14 |
| History - Ancient | 0 | 1 | 0 | 0 | 10 | 73 | 73.00 | 0 | 0 | 50.34 | 14.29 |
| Literature - Misc | 0 | 1 | 0 | 0 | 10 | 113 | 113.00 | 0 | 1 | 25.66 | 57.14 |
| Mythology | 0 | 1 | 0 | 0 | 10 | 101 | 101.00 | 0 | 1 | 4.86 | 10.20 |
| Social Science | 0 | 1 | 0 | 1 | 10 | 139 | 139.00 | 0 | 1 | 0.14 | 3.81 |